Detalles MARC
| 000 -CABECERA |
| campo de control de longitud fija |
01987nam a2200253 i 4500 |
| 003 - IDENTIFICADOR DEL NÚMERO DE CONTROL |
| campo de control |
DO-SdBNP |
| 005 - FECHA Y HORA DE LA ÚLTIMA TRANSACCIÓN |
| campo de control |
20260305074000.0 |
| 006 - CÓDIGOS DE INFORMACIÓN DE LONGITUD FIJA--CARACTERÍSTICAS DEL MATERIAL ADICIONAL |
| campo de control de longitud fija |
a||||gr|||| 00| 0 |
| 007 - CAMPO FIJO DE DESCRIPCIÓN FÍSICA--INFORMACIÓN GENERAL |
| campo de control de longitud fija |
ta |
| 008 - DATOS DE LONGITUD FIJA--INFORMACIÓN GENERAL |
| campo de control de longitud fija |
230907t1988 dr ||||| |||| 00| 0 spa d |
| 040 ## - FUENTE DE LA CATALOGACIÓN |
| Centro catalogador/agencia de origen |
DO-SdBNP |
| Lengua de catalogación |
spa |
| Centro/agencia transcriptor |
BNPHU |
| Normas de descripción |
rda |
| 082 #4 - NÚMERO DE LA CLASIFICACIÓN DECIMAL DEWEY |
| Número de edición |
22 |
| Número de documento/Ítem |
G377p |
| 100 1# - ENTRADA PRINCIPAL--NOMBRE DE PERSONA |
| Nombre de persona |
Gerón, Candido, |
| Fechas asociadas al nombre |
1948- |
| Término indicativo de función/relación |
autor |
| 9 (RLIN) |
3577 |
| 245 10 - MENCIÓN DE TÍTULO |
| Título |
Los primeros pasos de un oficio. / |
| Mención de responsabilidad, etc. |
Candido Geron; prólogo, Aníbal de Castro |
| 264 #4 - PRODUCCIÓN, PUBLICACIÓN, DISTRIBUCIÓN, FABRICACIÓN Y COPYRIGHT |
| Producción, publicación, distribución, fabricación y copyright |
Santo Domingo : |
| Nombre del de productor, editor, distribuidor, fabricante |
Santo Domingo, |
| Fecha de producción, publicación, distribución, fabricación o copyright |
1988 |
| 300 ## - DESCRIPCIÓN FÍSICA |
| Extensión |
157 páginas ; |
| Dimensiones |
21 cm. |
| 336 ## - TIPO DE CONTENIDO |
| Fuente |
rdacontent |
| Término de tipo de contenido |
texto |
| Código de tipo de contenido |
txt |
| 337 ## - TIPO DE MEDIO |
| Fuente |
rdamedia |
| Nombre/término del tipo de medio |
sin mediación |
| Código del tipo de medio |
n |
| 338 ## - TIPO DE SOPORTE |
| Fuente |
rdacarrier |
| Nombre/término del tipo de soporte |
volumen |
| Código del tipo de soporte |
nc |
| 505 ## - NOTA DE CONTENIDO CON FORMATO |
| Nota de contenido con formato |
Prólogo. |
| Título |
Alejo Carpentier.-- En "La Ruta": Cebrián es un Minero de la Complejidad Humana.-- Lo Fáctico y Teórico en el Creador.-- La Ultima novela de Bonaparte Gautreaux Piñeyro.-- Visión Conjunta en las obras Literarias de Balaguer.-- Orlando Gil El Poeta.-- Los personajes de Vicent Van Gogh.-- La Elegancia Formal en Delacroix.-- La Sorprendente Fuerza Imaginativa de Corot.-- Unidad Cromática y Efecto Final en la Obra de Renoir.-- La Presencia Marcada de Vicente Pimentel en París.-- El Expresionismo Abstracto de Ruiz Bermejo.-- |
| -- |
Teoría para una Mayor Comprensión del Surrealismo en al Sociedad Taína.-- La Trayectoria Pictórica de Domingo Liz.-- Exuberancia Musical en las Esculturas de Alberto Ulloa.-- Técnicas y Secretos en a Pintura del Maestro Bidó.-- Analogía, Sincronicidad y Pensar Mítico en la Obra de Guadalupe.-- Simbiosis Entre Surrealismo y Postainismo en la Obra de Félix Moya.-- La Peculiaridad del Símbolo en la Obra de Dionisio Blanco.-- |
| -- |
Los Signos de la Incomprensión en la Obra de Amable Sterling.-- Elsa Núñez Penetra en la Intimidad de los Sueños.-- La proyección Pictórica de Jacinto Domínguez.-- La Pintura de Freddy Javier Hay una Gran Preocupación Social. |
| 590 ## - NOTA LOCAL (RLIN) |
| Nota local |
Inventariado 2023 / MF |
| 700 1# - PUNTO DE ACCESO ADICIONAL--NOMBRE DE PERSONA |
| Nombre de persona |
Castro, Anibal de, |
| 9 (RLIN) |
8559 |
| Término indicativo de función/relación |
prólogo |
| 942 ## - ELEMENTOS DE PUNTO DE ACCESO ADICIONAL (KOHA) |
| Fuente del sistema de clasificación o colocación |
Dewey Decimal Classification |
| Tipo de ítem Koha |
Libro |